000 00645nam a22002297a 4500
003 UA-OsUOA
001 93177
007 ta
008 20130116b un ||||| |||| 00| 0 ukr d
100 _aГигевич В.
090 _a821.161.3
_bГ46
942 _cBK
040 _aUA-OsUOA
_brus
_cUA-OsUOA
_dUA-OsUOA
245 _aДом, куда возвращаемся
_bрассказы и повести
300 _a255 с.
955 _a3
041 _arus
080 _a821.161.3
260 _aМ.
_bМолодая гвардия
_c1979
650 7 _a82 Література. Літературознавство
_2UDC
999 _c379347
_d379347